000 00268nam a22001097a 4500
999 _c65116
_d65113
082 _a297.03U P L
100 _aیو نیو ورستی آف پنجاب
245 _aانسائیکلو پیدیا آف اسلام
250 _aVOL 6
260 _aلاہور
942 _cBK